000
00326nam a2200133Ia 4500
005
20251222144722.0
008
251222s9999||||xx |||||||||||||| ||spa||
020
_a
85-7166-0174-4
082
_a
070.509/R36
100
_a
Reimao, Sandra
245
0
_a
Mercado Editorial Brasileiro: 1960-1990
264
_b
FAPESP
942
_c
LIB
999
_c
18257
_d
18257